LEADER 01527nam--2200433---450- 001 990001529960203316 005 20090714152723.0 010 $a88-495-0501-9 035 $a000152996 035 $aUSA01000152996 035 $a(ALEPH)000152996USA01 035 $a000152996 100 $a20040324d2002----km-y0enga50------ba 101 $aita 102 $aIT 105 $ay|||z|||101yy 200 1 $a<> impresa mineraria$eatti del 2. Convegno di Studi di Diritto Minerario, 11-12 ottobre 2001$fUniversità degli Studi di Roma <> Facoltà di Economia - Dipartimento di Diritto dell'Economia$ga cura di Renato Federici 210 $cEdizioni Scientifiche Italiane$aNapoli$d2002 215 $a341 p.$d24 cm 410 0$12001 454 1$12001 461 1$1001-------$12001 606 0 $aAziende minerarie$xDiritto$xCongressi$z2001 676 $a343.45077 702 1$aFEDERICI,$bRenato 710 12$aConvegno di Studi di Diritto Minerario$d<2.;$f2001;$eRoma>$0560098 801 0$aIT$bsalbc$gISBD 912 $a990001529960203316 951 $aXXV.3.C 40 (IG I 2017)$b40376 G.$cXXV.3.C 40 (IG I)$d00134859 959 $aBK 969 $aGU 979 $aMARIA$b10$c20040324$lUSA01$h1131 979 $aPATRY$b90$c20040406$lUSA01$h1746 979 $aFIORELLA$b90$c20041019$lUSA01$h1055 979 $aFIORELLA$b90$c20041019$lUSA01$h1058 979 $aRSIAV1$b90$c20090714$lUSA01$h1527 979 $aCHIARA$b90$c20110301$lUSA01$h1442 996 $aImpresa mineraria$9940097 997 $aUNISA LEADER 01359nam a2200373 i 4500 001 991000713369707536 005 20020507172625.0 008 930408s1990 ne ||| | eng 020 $a0792310098 035 $ab10746882-39ule_inst 035 $aLE01301118$9ExL 040 $aDip.to Matematica$beng 082 0 $a516.36 084 $aAMS 53-01 084 $aAMS 53-XX 084 $aAMS 57-01 084 $aQA641.N6413 100 1 $aNovikov, Sergei Petrovich$0464308 245 10$aBasic elements of differential geometry and topology /$cS. P. Novikov, A. T. Fomenko ; transl. M. Tsaplina 260 $aDordrecht :$bKluwer Academic Publishers,$c1990 300 $ax, 490 p. ;$c25 cm. 490 0 $aMathematics and its applications. Soviet series ;$v60 500 $aOrig. Russian ed. - Moscow : Nauka, 1987 650 4$aDifferential geometry 650 4$aTopology 700 1 $aFomenko, A. T. 700 1 $aTsaplina, M. 740 0 $aElementy differentsial'noi geometrii i topologii 907 $a.b10746882$b23-02-17$c28-06-02 912 $a991000713369707536 945 $aLE013 53-XX NOV11 (1990)$g1$i2013000123189$lle013$o-$pE0.00$q-$rl$s- $t0$u3$v0$w3$x0$y.i10839239$z28-06-02 996 $aBasic elements of differential geometry and topology$9911696 997 $aUNISALENTO 998 $ale013$b01-01-93$cm$da $e-$feng$gne $h0$i1